Statistics for Pennsylvania's Largest Cities

Click here to take the quiz!

General Stats

  • This quiz has been taken 28 times
  • The average score is 6 of 10

Answer Stats

PopAnswer% Correct
1,547,607Philadelphia
100%
306,211Pittsburgh
100%
75,809Scranton
93%
88,102Reading
71%
118,974Allentown
68%
101,047Erie
68%
59,360Lancaster
57%
75,103Bethlehem
32%
82,779Upper Darby
11%
60,497Bensalem
4%

Score Distribution

Percentile by Number Answered

Percent of People with Each Score

Your Score History

You have not taken this quiz